000 00971nam a22002777a 4500
005 20240530110358.0
008 150115s2010 ua f b 000 0 ara d
017 _a2010/2300
_bمصر . دار الكتب المصرية
020 _a9789774311751
040 _aEG-CaGPL
041 0 _aara
082 0 4 _221
_a649.1\
_bم ط
100 0 _aمحمد عبدالرؤوف عطية
245 1 0 _aطفولة بلا مشاكل /
_cمحمد عبدالرؤوف عطية
250 _aط1
260 _aالقاهرة :
_bمؤسسة طيبة للنشر و التوزيع ،
_c2010
300 _a110 ص ؛
_c24 سم
504 _aيشتمل على ارجاعات ببليوجرافية
650 0 4 _aالاطفال
_xعلم نفس
650 0 4 _aالاطفال
_xتعليم
650 0 4 _aالاطفال
_xالكذب
650 0 4 _aالاطفال
_xالسرقة
650 0 4 _aالاطفال
_xتربية
942 _2ddc
_cBK
999 _c60203
_d60203